Rafflesia : Magnificent flower of Sabah
| Main Author: | |
|---|---|
| Format: | Book |
| Published: |
Kota Kinabalu :
Borneo Pub. ,
1991
|
| Subjects: |
MARC
| LEADER | 00000cam a2200000 7i4500 | ||
|---|---|---|---|
| 001 | 0000000189 | ||
| 005 | 20010825.0 | ||
| 020 | 0 | 0 | |a 9839724002 |
| 090 | 0 | 0 | |a 582.130959521 |b KAM 1991 |
| 100 | 0 | 0 | |a KAMARUDIN Mat Salleh |
| 245 | 1 | 0 | |a Rafflesia : |b Magnificent flower of Sabah |c Kamarudin Mat Salleh |
| 260 | 0 | 0 | |a Kota Kinabalu : |b Borneo Pub. , |c 1991 |
| 300 | |a vii, 48 p. : |b il. (some col.), maps ; |c 23 cm. | ||
| 650 | 0 | 0 | |a Rafflesia |z Sabah |
| 650 | 0 | 0 | |a Wild flowers |z Sabah |
| 998 | |a JPSM | ||
| 999 | |a 0000001369 |b Monograph |c Open Shelf |e Default branch | ||